Loading...
Forests economy and environment
| Main Author: | |
|---|---|
| Format: | Printed Book |
| Published: |
New Delhi
Kilaso
2005
|
| Subjects: |
| LEADER | 00477cam a2200157ua 4500 | ||
|---|---|---|---|
| 020 | |a 81-7908-027-7 | ||
| 082 | |a 333.75 |b DEV/F | ||
| 100 | 0 | |a Dev Dutt Sharma, | |
| 245 | 0 | 0 | |a Forests economy and environment |
| 260 | |a New Delhi |b Kilaso |c 2005 | ||
| 300 | |a 180p. | ||
| 500 | |a Includes index. | ||
| 650 | 0 | |a Natural resources-Forests | |
| 942 | |c BK | ||
| 999 | |c 17345 |d 17345 | ||
| 952 | |0 0 |1 0 |4 0 |6 333_750000000000000_DEVF |7 0 |9 18083 |a KUCL |b KUCL |d 2014-05-23 |l 0 |o 333.75 DEV/F |p 18795 |r 2014-05-23 |y BK | ||